• 首页
  • 本馆介绍
  • 公告通知
  • 最新文献
  • 馆藏检索
  • 电子资源
  • 读者导购
  • 参考咨询
  • 我的图书馆
  • 登录
  • 详细信息显示
  • 放入我的书架
  • 预约/预借图书
  • 作者相关作品
  • 分类相关作品
  • 丛书相关作品
  • 出版社相关作品

书目信息

  • 表格格式
  • 工作单格式
  • 卡片格式
题名:
无机非金属材料综合实验
    
 
作者: 陈运本 , 陆洪彬 编
分册:  
出版信息: 北京   化学工业出版社  2007
页数: 274页
开本: 26cm
丛书名:
单 册:
中图分类: TB321.02
科图分类:
主题词: 无机材料--非金属材料--实验--高等学校--教材
电子资源:
ISBN: 978-7-5025-9478-7
000 00993nam0 2200289 450
001 012004099735
005 20070720104920.53
009 012004099735
010    @a978-7-5025-9478-7@dCNY29.00
035    @a(110019)012006132565
100    @a20061230d2007 em y0chiy0110 ea
101 0  @achi
102    @aCN@b110000
105    @ay z 000yy
106    @ar
200 1  @a无机非金属材料综合实验@Awu ji fei jin shu cai liao zong he shi yan@f陈运本, 陆洪彬编@Fchen yun ben , lu hong bin bian
210    @a北京@c化学工业出版社@d2007
215    @a274页@d26cm
300    @a高等学校教材 工程应用型
330    @a本书具体内容包括:综合实验设计、样品的采集和制备、常用试剂和标准溶液的配制与标定、无机非金属材料的制备等内容。
606 0  @a无机材料@x非金属材料@x实验@x高等学校@j教材
690    @aTB321.02@v4
701  0 @a陈运本@Achen yun ben@4编
701  0 @a陆洪彬@Alu hong bin@4编
801  0 @aCN@b110019@c20070720
905    @dTB321.02@e166@f5
999    @s0.00@Gjiang@g20070109 13:58:35
    
    无机非金属材料综合实验/陈运本, 陆洪彬编.-北京:化学工业出版社,2007
    274页;26cm
    高等学校教材 工程应用型
    
    ISBN 978-7-5025-9478-7:CNY29.00
    本书具体内容包括:综合实验设计、样品的采集和制备、常用试剂和标准溶液的配制与标定、无机非金属材料的制备等内容。
●
相关链接 在E读中查询图书 在五车中查询图书 在当当中查询图书 在豆瓣中查询图书


正题名:无机非金属材料综合实验     索取号:TB321.02/166         预约/预借

序号 登录号 条形码 馆藏地/架位号 状态 备注
1 0850056   208500594   密集书库/ [索取号:TB321.02/166] 在馆    
2 0850057   208500576   第三借阅区/ [索取号:TB321.02/166] 在馆    
3 0850058   208500585   密集书库/ [索取号:TB321.02/166] 在馆    
4 0850060   208500601   第三借阅区/ [索取号:TB321.02/166] 在馆    
5 0850061   208500610   第三借阅区/ [索取号:TB321.02/166] 在馆    
唐山师范学院图书馆 欢迎您!
大连网信软件有限公司© 版权所有